000 00228nam a22000977a 4500
999 _c264677
_d264676
020 _a9780141371375
100 _aRoald Dahl
245 _aDanny the Champion of the World
260 _aUK
_bPenguin Random House
_c1975
942 _cBK